| 000 | 00611nam a22001815i 4500 | ||
|---|---|---|---|
| 001 | 167634 | ||
| 003 | ES-MaACL | ||
| 005 | 20230906213551.0 | ||
| 008 | 050928s1851 fr | |||||||| ||fre d | ||
| 040 |
_aCAM _bspa _cCAM |
||
| 100 | 1 |
_aVillermé _cfils. _9133768 |
|
| 245 | 1 | 4 |
_aLes douanes et la contrebande / _cpar Villermé fils. |
| 260 |
_aParis : _bLibrairie de Guillaumin et c\pe\s, _c1851 ( _fImprimerie de Hennuyer et c\pe\s) |
||
| 300 |
_a266 p. ; _c22 cm. |
||
| 650 | 4 |
_aContrabando. _9135816 |
|
| 752 |
_aFrancia - _dParís |
||
| 852 |
_aES-MaACL _jC-2628 _z-- Enc. hol. conservando la cub. original |
||
| 999 |
_c167634 _d167634 |
||